Word Ladder: Happy Holiday Quiz Stats

 Plays Quiz Updated Dec 20, 2017

Challenge
Share
Tweet
Embed
Score 0/28 Timer 04:00
1 Play Today
Clue 5-Letter Word % Correct
TimepieceWATCH
91.8%
Valentine flowersROSES
91.7%
Halloween figureWITCH
89.4%
Holder of the CommandmentsMOSES
88.6%
Where one might find the Great PumpkinPATCH
87.9%
Queues at the mall cash registersLINES
86.9%
Peanuts character who tells us of the meaning of ChristmasLINUS
85.1%
Material for sheetsLINEN
83.1%
Like Swiss cheeseHOLEY
82.8%
SaunterMOSEY
77.2%
Roost for a birdPERCH
76.1%
Dry with heatPARCH
74.9%
'He is ___...': Mathew 28:6RISEN
73.6%
Ivy's partnerHOLLY
73.6%
Clue 5-Letter Word % Correct
Sweetener of baklavaHONEY
73.3%
A hand crank for pullingWINCH
73.3%
One of the Weasley kidsPERCY
71.2%
Recoil in painWINCE
70.5%
UK children's author MichaelROSEN
70.3%
Make more festive, with 'up'LIVEN
70.1%
Type of holiday 'meat'?MINCE
69.5%
Christmas preceder?MERRY
68.6%
GeltMONEY
67.7%
The quality of this is not strainedMERCY
63.9%
Myst sequelRIVEN
61.5%
-MINUS
61.2%
___ TirithMINAS
32.2%
Sixtieths of talentsMINAE
27.8%

Today's Daily Dose

You're not logged in!

Compare scores with friends on all Sporcle quizzes.
OR
Log In

You Might Also Like...

Show Comments

Extras

Top Quizzes Today


Score Distribution

Your Account Isn't Verified!

In order to create a playlist on Sporcle, you need to verify the email address you used during registration. Go to your Sporcle Settings to finish the process.

Report this User

Report this user for behavior that violates our Community Guidelines.

Details: